<?xml version="1.0" encoding="UTF-8"?>
<collection xmlns="http://www.loc.gov/MARC21/slim">
  <record>
    <leader>00000nam  2200000   4500</leader>
    <controlfield tag="001">INLIS000000000810428</controlfield>
    <controlfield tag="005">20251209092946</controlfield>
    <datafield tag="035" ind1="#" ind2="#">
      <subfield code="a">0010-1225000066</subfield>
    </datafield>
    <controlfield tag="007">ta</controlfield>
    <controlfield tag="008">251209###########################0######</controlfield>
    <datafield tag="020" ind1="#" ind2="#">
      <subfield code="a">979-3536-22-5</subfield>
    </datafield>
    <datafield tag="082" ind1="#" ind2="#">
      <subfield code="a">297.2</subfield>
    </datafield>
    <datafield tag="084" ind1="#" ind2="#">
      <subfield code="a">297.2 AQI m</subfield>
    </datafield>
    <datafield tag="245" ind1="#" ind2="#">
      <subfield code="a">Manhaj Aqidah Imam Asy-Syafii /</subfield>
      <subfield code="c">Dr. Muhammad bin 'Abdul Wahab al-'Aqil</subfield>
    </datafield>
    <datafield tag="250" ind1="#" ind2="#">
      <subfield code="a">Cet. 1</subfield>
    </datafield>
    <datafield tag="260" ind1="#" ind2="#">
      <subfield code="b">Pustaka Imam Asy-Syafi'i,</subfield>
    </datafield>
    <datafield tag="300" ind1="#" ind2="#">
      <subfield code="a">xii, 642 hlm. ;</subfield>
      <subfield code="c">17 x 24 cm</subfield>
    </datafield>
  </record>
</collection>
